| 000 | 01367cam a2200361 a 4500 | ||
|---|---|---|---|
| 001 | 3041650 | ||
| 003 | OSt | ||
| 005 | 20140310181740.0 | ||
| 008 | 950530s1995 nyu 001 0 eng | ||
| 010 | _a 95158297 | ||
| 020 |
_a0517882221 : _c$12.00 ($16.95 Can.) |
||
| 040 |
_aDLC _cDLC _dDLC |
||
| 043 | _an-us--- | ||
| 050 | 0 | 0 |
_aLB 1050 _b.L584 1993 |
| 082 | 0 | 0 |
_aTR 372.41 _bL55 1993 |
| 100 | 1 |
_aLeonhardt, Mary. _9182 |
|
| 245 | 1 | 0 |
_aParents who love reading, kids who don't : _bhow it happens and what you can do about it / _cMary Leonhardt. |
| 250 | _a1st pbk. ed. | ||
| 260 |
_aNew York : _bCrown Trade Paperbacks, _c1995. |
||
| 300 |
_axi, 258 p. ; _c21 cm. |
||
| 500 | _aIncludes index. | ||
| 521 | _aFaculty | ||
| 541 | _j1 | ||
| 562 | _eFor circulation 1 copy in the collection | ||
| 650 | 0 |
_aReading _xParent participation _zUnited States. _9183 |
|
| 650 | 0 |
_aChildren _xBooks and reading _zUnited States. _9184 |
|
| 650 | 0 |
_aEducation _xParent participation _zUnited States. _9185 |
|
| 856 | 4 | 2 |
_3Contributor biographical information _uhttp://www.loc.gov/catdir/bios/random057/95158297.html |
| 856 | 4 | 2 |
_3Publisher description _uhttp://www.loc.gov/catdir/description/random047/95158297.html |
| 906 |
_a7 _bcbc _corignew _d2 _encip _f19 _gy-gencatlg |
||
| 942 |
_2lcc _cBK-TR _kTR |
||
| 999 |
_c2752 _d2752 |
||